| 000 | 01352nam0a2200301 4500 | ||
|---|---|---|---|
| 001 | RU\NLR\bibl\1287984 | ||
| 005 | 20250615143410.0 | ||
| 010 |
_a5-86781-471-8 _9500 |
||
| 021 |
_aRU _b2008-69134 _93956 |
||
| 035 | _a(NLR Aleph) 001273687 | ||
| 090 |
_a455090 _c455090 |
||
| 100 | _a20081024d2006 |||y0rusy50 ca | ||
| 101 | 0 | _arus | |
| 102 | _aRU | ||
| 105 | _ay ||||||||| | ||
| 200 | 1 |
_aИнформатика в схемах и тестах _eучебное пособие _fК.В. Коробкова, Р.И. Коробков _gМ-во образования и науки Рос. Федерации, ГОУ ВПО "Магнитог. гос. ун-т" |
|
| 210 |
_aМагнитогорск _cИзд-во Магнитогорского государственного университета _d2006 |
||
| 215 |
_a124 с. _cил. _d21 |
||
| 320 | _aБиблиогр.: с. 14 | ||
| 606 | 1 |
_aИнформатика _jУчебные издания для высших учебных заведений _92081274 _3RU\NLR\auth\661257251 |
|
| 686 | _aЗ973.233я73-1 | ||
| 700 | 1 |
_aКоробкова _bК. В. _gКристина Вячеславовна _4070 |
|
| 701 | 1 |
_aКоробков _bР. И. _gРоман Иванович _4070 |
|
| 801 | 0 |
_aRU _bNLR _c20081024 _gRCR |
|
| 801 | 1 |
_aRU _bNLR _c20081024 |
|
| 942 | _cBOOK | ||
| 980 | _aNB | ||